A TEXTBOOK OF CLINICAL PHARMACY PRACTICE (Record no. 22943)

MARC details
000 -LEADER
fixed length control field 00396nam a22001697a 4500
003 - CONTROL NUMBER IDENTIFIER
control field SGT
020 ## - INTERNATIONAL STANDARD BOOK NUMBER
International Standard Book Number 9788173717567
082 ## - DEWEY DECIMAL CLASSIFICATION NUMBER
Classification number 615.4
Item number C12P
100 ## - MAIN ENTRY--PERSONAL NAME
Personal name PARTHASRTHI, G
245 ## - TITLE STATEMENT
Title A TEXTBOOK OF CLINICAL PHARMACY PRACTICE
250 ## - EDITION STATEMENT
Edition statement 2nd
260 ## - PUBLICATION, DISTRIBUTION, ETC. (IMPRINT)
Place of publication, distribution, etc HYDERABAD
Name of publisher, distributor, etc UNIVERSITIES PRESS
Year of Publication 2012
300 ## - PAGE DESCRIPTION
No. of Pages 580
650 ## - SUBJECT ADDED ENTRY--TOPICAL TERM
Topical term or geographic name as entry element PRACTICE
653 ## - KEYWORDS--INDEX TERM
Keyword term CLINICAL PHARMACY
942 ## - ADDED ENTRY ELEMENTS (KOHA)
Source of classification or shelving scheme Dewey Decimal Classification
Koha item type Books
942 ## - ADDED ENTRY ELEMENTS (KOHA)
-- 11
Holdings
Withdrawn status Lost status Source of classification or shelving scheme Damaged status Not for loan Collection code Home library Current library Shelving location Date acquired Vendor Name Cost, normal purchase price SGTU Bill Number Total Checkouts Full call number Accession No. (Barcode) Date last seen Date last borrowed Bill Date Koha item type
    Dewey Decimal Classification     PHARMACY SGT FA-FP Library SGT FA-FP Library Text Book 27/06/2022 AHUJA PUBLICATION 825.00 SGTU 14474 4 615.4 C12P FP4303 23/05/2026 21/05/2026 19/05/2022 Books
    Dewey Decimal Classification     PHARMACY SGT FA-FP Library SGT FA-FP Library Text Book 27/06/2022 AHUJA PUBLICATION 825.00 SGTU 14474 2 615.4 C12P FP4304 09/09/2025 25/08/2025 19/05/2022 Books
    Dewey Decimal Classification     PHARMACY SGT FA-FP Library SGT FA-FP Library Text Book 27/06/2022 AHUJA PUBLICATION 825.00 SGTU 14474 2 615.4 C12P FP4305 02/06/2026 19/05/2026 19/05/2022 Books
    Dewey Decimal Classification     PHARMACY SGT FA-FP Library SGT FA-FP Library Text Book 27/06/2022 AHUJA PUBLICATION 825.00 SGTU 14474 4 615.4 C12P FP4306 23/05/2026 13/05/2026 19/05/2022 Books
    Dewey Decimal Classification     PHARMACY SGT FA-FP Library SGT FA-FP Library Text Book 27/06/2022 AHUJA PUBLICATION 825.00 SGTU 14474 4 615.4 C12P FP4307 25/03/2026 25/03/2026 19/05/2022 Books
    Dewey Decimal Classification     PHARMACY SGT FA-FP Library SGT FA-FP Library Text Book 27/06/2022 AHUJA PUBLICATION 825.00 SGTU 14474 4 615.4 C12P FP4308 25/03/2026 10/03/2026 19/05/2022 Books
    Dewey Decimal Classification     PHARMACY SGT FA-FP Library SGT FA-FP Library Text Book 27/06/2022 AHUJA PUBLICATION 825.00 SGTU 14474 4 615.4 C12P FP4309 23/11/2022 14/11/2022 19/05/2022 Books
    Dewey Decimal Classification     PHARMACY SGT FA-FP Library SGT FA-FP Library Text Book 27/06/2022 AHUJA PUBLICATION 825.00 SGTU 14474 3 615.4 C12P FP4310 23/05/2026 13/05/2026 19/05/2022 Books
    Dewey Decimal Classification     PHARMACY SGT FA-FP Library SGT FA-FP Library Text Book 27/06/2022 AHUJA PUBLICATION 825.00 SGTU 14474 2 615.4 C12P FP4311 27/11/2025 13/11/2025 19/05/2022 Books
    Dewey Decimal Classification     PHARMACY SGT FA-FP Library SGT FA-FP Library Text Book 27/06/2022 AHUJA PUBLICATION 825.00 SGTU 14474 6 615.4 C12P FP4312 30/04/2026 16/04/2026 19/05/2022 Books